| 000 | 00406nam a2200169Ia 4500 | ||
|---|---|---|---|
| 003 | OSt | ||
| 005 | 20240614155626.0 | ||
| 008 | 170619s9999 xx 000 0 und d | ||
| 020 | _a9788120320420 | ||
| 040 | _cIIMT ENGINEERING COLLEGE | ||
| 100 | _aHersey- P | ||
| 245 | 0 | _aManagement of organizational behaviour | |
| 260 | _bNew Delhi P H I | ||
| 260 | _c2006 | ||
| 546 | _aENGLISH | ||
| 942 |
_2ddc _c02 |
||
| 999 |
_c22255 _d22255 |
||